[Event "FRA-chT9697 groupe A"]
[Site "France"]
[Date "1997.??.??"]
[Round "4"]
[White "Eliet, Nicolas"]
[Black "Demarcke, D."]
[Result "1/2-1/2"]
[WhiteElo "2380"]
[BlackElo "2285"]

1.d4 d5 2.c4 Nc6 3.Nf3 Bg4 4.cxd5 Bxf3 5.dxc6 Bxc6 6.Nc3 e6 7.Qd3 Qf6 8.e4 O-O-O
9.Be3 Bc5 10.O-O-O Bxd4 11.Bxd4 e5 12.Qh3+ Bd7 13.Bxe5 Qxe5 14.Qe3 Kb8 15.Bc4 Nh6
16.h3 Bc6 17.g4 f6 18.f4 Qe7 19.Rhe1 Rxd1+ 20.Rxd1 Nf7 21.Bxf7 Qxf7 22.Qc5 Qe6
23.f5 Qe8 24.Re1 Qf8 25.Qxf8+ Rxf8 26.Kd2 Re8 27.Ke3 b5 28.b4 Kb7 29.Rd1 a5
30.a3 axb4 31.axb4 Ra8 32.Rb1 Kb6 33.h4 h6 34.Rb2 Bb7 35.Kd4 Rd8+ 36.Ke3 Ra8
37.Rb3 Ra1 38.Kf3 Rh1  1/2-1/2

[Event "BL2-W9798"]
[Site "Germany"]
[Date "1997.??.??"]
[Round "?.3"]
[White "Levin, Felix"]
[Black "Baumhus, Reinhard"]
[Result "1-0"]
[WhiteElo "2475"]
[BlackElo "2330"]

1.d4 d5 2.c4 Nc6 3.Nc3 dxc4 4.Nf3 Nf6 5.e4 Bg4 6.Be3 e6 7.Bxc4 Bb4 8.Qc2 O-O
9.Rd1 Ne7 10.O-O Bxc3 11.bxc3 Bxf3 12.gxf3 Ng6 13.Kh1 Nh5 14.e5 Nhf4 15.Rg1 Qd7
16.Qe4 Nd5 17.Bd2 f5 18.exf6 Rxf6 19.Rg3 Raf8 20.Re1 Qf7 21.Bg5 Rxf3 22.Qxe6 Qxe6
23.Rxe6 c6 24.Rxf3 Rxf3 25.Be3 Kf8 26.Bxd5 cxd5 27.Rd6 Ne7 28.Rd8+ Kf7 29.Rd7 Ke6
30.Rxb7 Nf5 31.Kg2 Nh4+ 32.Kf1 Nf5 33.Bd2 Rh3 34.Rxa7 Rxh2 35.a4 Rh1+ 36.Ke2 h5
37.a5 h4 38.a6 Ra1 39.Ra8 Ra2 40.Kd3 Nd6 41.a7 Nc4 42.Bc1 Kf7 43.Rd8 Nb6
44.Rb8 h3 45.Bf4 g5 46.Rb7+ Kg6 47.Rxb6+ Kh5 48.Bb8 Kg4 49.Rh6  1-0

[Event "BL2-W9697"]
[Site "Germany"]
[Date "1997.??.??"]
[Round "?.8"]
[White "Schlecht, Daniel"]
[Black "Morlo, Michael"]
[Result "1-0"]
[WhiteElo "2225"]
[BlackElo "2310"]

1.d4 d5 2.c4 Nc6 3.cxd5 Qxd5 4.e3 e5 5.Nc3 Bb4 6.Bd2 Bxc3 7.bxc3 Nf6 8.f3 exd4
9.cxd4 O-O 10.Bd3 Bf5 11.Bxf5 Qxf5 12.Ne2 Rfe8 13.O-O Qd7 14.Rc1 Rac8 15.Qb3 Nxd4
16.Nxd4 c5 17.Bc3 cxd4 18.Bxd4 Rxc1 19.Rxc1 b6 20.Qc4 Nd5 21.Qc6 Qxc6 22.Rxc6 h5
23.Kf2 Rd8 24.a4 Rd7 25.e4 Nf4 26.Rc4 Ne6 27.Be3 Kf8 28.f4 Ke7 29.Ke2 Kd6
30.h3 Rc7 31.Kd3 Nc5+ 32.Ke2 a6 33.Rd4+ Kc6 34.Rc4 Re7 35.Kf3 g6 36.Rc2 a5
37.g4 hxg4+ 38.hxg4 Rd7 39.f5 Rd3 40.e5 gxf5 41.gxf5 Kd5 42.Kf4 Rb3 43.Bxc5 bxc5
44.Rd2+ Kc6 45.Rd6+ Kc7 46.Rf6 c4 47.Ke4 Rd3 48.Rxf7+ Kd8 49.Ra7 Rd2 50.Rxa5 c3
51.Rc5 c2 52.Ke3  1-0

[Event "BL2-N9798"]
[Site "Germany"]
[Date "1997.??.??"]
[Round "2.5"]
[White "Tatenhorst, Volker"]
[Black "Breutigam, Martin"]
[Result "0-1"]
[WhiteElo "2270"]
[BlackElo "2380"]

1.d4 d5 2.c4 Nc6 3.cxd5 Qxd5 4.e3 e5 5.Nc3 Bb4 6.Bd2 Bxc3 7.bxc3 Qd6 8.Rb1 Nf6
9.Qc2 O-O 10.Nf3 Re8 11.Bb5 e4 12.Ng5 h6 13.Nh3 Bxh3 14.gxh3 Qe6 15.Bf1 b6
16.c4 Ne7 17.Bc3 Ng6 18.Kd1 a6 19.Rg1 b5 20.c5 Nd5 21.Ba5 c6 22.Kc1 Re7 23.a3 Rf8
24.Qe2 Kh7 25.Bd2 f5 26.Rb2 Nh4 27.Bg2 Qg6 28.Qf1 Qf6 29.Rb3 f4 30.Qd1 f3
31.Bf1 Qe6 32.Qc2 Rf6 33.Rg4 Nf5 34.a4 h5 35.Rg5 Kh6 36.h4 Nxh4 37.Re5 Qg4
38.Rxe7 Nxe7 39.Kb2 Re6 40.axb5 axb5 41.Ra3 Nhg6 42.Ba5 Nd5 43.h3 Qg1 44.Ra1 Qh2
45.Be1 Nge7 46.Kb3 Nf6 47.Ba5 Qb8 48.Be1 Ned5 49.Ra6 Nc7 50.Ra1 h4 51.Bd2 Re8
52.Kb2 Qb7 53.Ba5 Ncd5 54.Be1 Ra8 55.Qb1 Ra6 56.Rxa6 Qxa6 57.Qa2 Qxa2+ 58.Kxa2 g5
59.Kb3 Kh5 60.Kc2 g4 61.Kb3 Kg5  0-1

[Event "NRW-Liga 9798"]
[Site "Germany"]
[Date "1997.??.??"]
[Round "2"]
[White "Wisskirchen, Andreas"]
[Black "Heisel, Guido"]
[Result "0-1"]
[WhiteElo "2300"]
[BlackElo "2225"]

1.d4 d5 2.c4 Nc6 3.Nc3 Nf6 4.Bg5 Ne4 5.cxd5 Nxc3 6.bxc3 Qxd5 7.Nf3 Bg4 8.Qb3 Bxf3
9.gxf3 O-O-O 10.Qxd5 Rxd5 11.Bd2 e6 12.e3 g6 13.f4 Rd8 14.Rb1 b6 15.Ba6+ Kd7
16.Bb5 a6 17.Bxa6 Ra8 18.Bb5 Rxa2 19.e4 Ra5 20.d5 Rxb5 21.Rxb5 Na7 22.dxe6+ fxe6
23.Rb1 Bh6 24.Rg1 Rf8 25.Rg4 Rf7 26.Ke2 Nc8 27.e5 Ne7 28.c4 Nf5 29.Be3 Bf8
30.Rgg1 Kc6 31.Ra1 Be7 32.Ra8 Kb7 33.Rga1 Kc6 34.R1a7 Bf8 35.Rb8 Be7 36.Bxb6 Bc5
37.Bxc5 Kxc5 38.Rbb7 Kc6 39.Kf3 g5 40.fxg5 Nd6+ 41.Kg4 Nxb7 42.f4 Nc5 43.Ra3 Kd7
44.h4 Ke7 45.h5 Rf8 46.Ra7 Rc8 47.Kf3 Kd7 48.Kg4 Rf8 49.Ra3 Kc6 50.Kf3 Rd8
51.Kg4 Nd7 52.Ra6+ Nb6 53.g6 h6 54.f5 Rd4+ 55.Kf3 exf5 56.e6 Rxc4 57.Ra2 Nd5
58.Ra8 Rf4+ 59.Ke2 Rg4 60.Rh8 Nf4+ 61.Kf3 Nxe6 62.Rxh6 Kd5 63.Rh8 Ke5 64.Rg8 Kf6
65.h6 Rxg6  0-1

[Event "NRW-Liga II 9697"]
[Site "Germany"]
[Date "1997.??.??"]
[Round "7.4"]
[White "Krallmann, Matthias"]
[Black "Heisel, Guido"]
[Result "1-0"]
[WhiteElo "2245"]
[BlackElo "2215"]

1.d4 d5 2.c4 Nc6 3.cxd5 Qxd5 4.e3 e5 5.Nc3 Bb4 6.Bd2 Bxc3 7.Bxc3 exd4 8.Ne2 Bg4
9.f3 Bxf3 10.gxf3 Qxf3 11.Nxd4 Qxh1 12.Nxc6 bxc6 13.Bxg7 Qxh2 14.Qf3 Ne7
15.Bxh8 Rd8 16.Bc3 Rd5 17.e4 Qh4+ 18.Ke2 Rd6 19.Bh3 Qg5 20.Rf1 Qg6 21.Bf5 Nxf5
22.Qxf5 Re6 23.Qxg6 hxg6 24.Kf3 c5 25.e5 Ra6 26.a3 Ra4 27.Rd1 c6 28.Rd6 Ra6
29.Bd2 Rb6 30.Bg5 f6 31.Bxf6 Kf7 32.Rd2 Ke6 33.Ke4 a5 34.Rd6+ Kf7 35.Rd7+ Ke8
36.e6  1-0

[Event "Goetzis op"]
[Site "Goetzis"]
[Date "1997.??.??"]
[Round "7"]
[White "Amann, Guenter"]
[Black "Stanojevic, Stanimir"]
[Result "1/2-1/2"]
[WhiteElo "2280"]
[BlackElo "2110"]

1.d4 d5 2.c4 Nc6 3.Nc3 Nf6 4.cxd5 Nxd5 5.e4 Nxc3 6.bxc3 e5 7.d5 Nb8 8.Nf3 Bg4
9.Qa4+ Nd7 10.Nxe5 Qf6 11.f4 Bd6 12.Bd2 Bxe5 13.fxe5 Qxe5 14.Qd4  1/2-1/2

[Event "Wichern op"]
[Site "Hamburg"]
[Date "1997.??.??"]
[Round "1"]
[White "Hermesmann, Hans"]
[Black "Hohlbein, Michael"]
[Result "1-0"]
[WhiteElo "2280"]
[BlackElo "2090"]

1.d4 d5 2.c4 Nc6 3.Nf3 Nf6 4.Nc3 dxc4 5.e4 Bg4 6.Be3 e6 7.Bxc4 Bb4 8.Qd3 O-O
9.Nd2 Qe7 10.f3 Bh5 11.a3 Bxc3 12.Qxc3 Rfe8 13.Bb5 Red8 14.Bxc6 bxc6 15.Qxc6 Rab8
16.b4 Qd6 17.Qc2 Bg6 18.Rc1 Nd5 19.Bf2 Nf4 20.Nc4 Qe7 21.g3 Nh3 22.Ne5 Qf6
23.Be3 Rbc8 24.Qg2 Ng5 25.h4 Nxf3+ 26.Qxf3 Qxf3 27.Nxf3 Bxe4 28.O-O Bxf3
29.Rxf3 e5 30.dxe5 Rd3 31.Rcf1  1-0

[Event "FIN-ch"]
[Site "Helsinki"]
[Date "1997.??.??"]
[Round "1"]
[White "Paasikangas, Johanna"]
[Black "Keskisarja, Teemu"]
[Result "1/2-1/2"]
[WhiteElo "2210"]
[BlackElo "2315"]

1.d4 d5 2.c4 Nc6 3.Nc3 dxc4 4.d5 Ne5 5.Bf4 Ng6 6.Bg3 e5 7.Nf3 Bd6 8.h4 Nf6
9.h5 Nf4 10.h6 g6 11.e4 O-O 12.Bxc4 N6h5 13.Bxf4 Nxf4 14.g3 Nh3 15.Qd2 Qf6
16.Ng1 Nxg1 17.Rxg1 Bc5 18.Rg2 Bd4 19.O-O-O Qf3 20.Rh2 Bxc3 21.Qxc3 Qxe4
22.Re1 Qd4 23.Rxe5 Qxc3+ 24.bxc3 Bf5 25.f3 Rfe8 26.Rhe2 Kf8 27.Bb5 Rxe5 28.Rxe5 f6
29.Re3 Rd8 30.g4 Bd7 31.Bc4 Be8 32.Bb3 Bf7 33.c4 Re8 34.Kd2 b6 35.Ba4 Rxe3
36.Kxe3 Ke7 37.Kd4 Kd6 38.f4 Bg8 39.g5 fxg5 40.fxg5 Bf7 41.Bc6  1/2-1/2

[Event "FIN-ch"]
[Site "Helsinki"]
[Date "1997.??.??"]
[Round "9"]
[White "Kekki, Petri"]
[Black "Keskisarja, Teemu"]
[Result "1-0"]
[WhiteElo "2255"]
[BlackElo "2315"]

1.d4 d5 2.c4 Nc6 3.Nc3 dxc4 4.Nf3 Nf6 5.e4 Bg4 6.Be3 e6 7.Bxc4 Bb4 8.Qd3 Bxf3
9.gxf3 Qe7 10.Bb5 O-O 11.Bxc6 bxc6 12.Qc4 Rab8 13.Qxc6 Rb6 14.Qc4 Rfb8 15.Rc1 Bxc3+
16.bxc3 Nh5 17.Rg1 Qf6 18.Rg5 Qxf3 19.Qe2 Qh1+ 20.Qf1 Qxe4 21.Re5 Qf3 22.Qe2 Qxe2+
23.Kxe2 Nf6 24.Ra5 R8b7 25.c4 Rb2+ 26.Kf3 Nd7 27.c5 c6 28.Rc3 R2b5 29.Ra4 Rb4
30.Rxb4 Rxb4 31.Ra3 Rb7 32.Bf4 e5 33.dxe5 Nxc5 34.Be3 Nd7 35.Rxa7 Rxa7 36.Bxa7 Nxe5+
37.Ke4 Nd7 38.a4 Kf8 39.a5 Ke7 40.Bd4 Kd6 41.Bxg7 Kc5 42.Bc3 Kb5 43.h4 Nc5+
44.Kf5 Nb7 45.Kg5 Nxa5 46.Kh6 Nb7 47.Kxh7 Kc4 48.Bf6 Kd5 49.h5 Nd6 50.Kg8 Nf5
51.Kxf7 c5 52.Kg6 Ke6 53.Bg5 c4 54.h6 Nd6 55.h7  1-0

[Event "Koblenz-ch"]
[Site "Koblenz"]
[Date "1997.??.??"]
[Round "3"]
[White "Ganser, Johannes"]
[Black "Senger, Peter"]
[Result "1-0"]
[WhiteElo "1925"]
[BlackElo "1690"]

1.d4 d5 2.c4 Nc6 3.Nf3 Bg4 4.cxd5 Bxf3 5.dxc6 Bxc6 6.Nc3 e6 7.f3 Nf6 8.e4 Bb4
9.Bg5 h6 10.Bh4 g5 11.Bf2 Qd7 12.a3 Bxc3+ 13.bxc3 b6 14.Bd3 O-O-O 15.a4 Nh5
16.g3 f5 17.Qb3 fxe4 18.fxe4 Nf6 19.Qc2 Ng4 20.O-O Rhf8 21.a5 b5 22.Qe2 Nxf2
23.Rxf2 a6 24.Raf1 Rxf2 25.Qxf2 h5 26.Qf7 h4 27.Qxd7+ Rxd7 28.Rf6 Re7 29.Rg6 hxg3
30.hxg3 Kb7 31.Rxg5 Be8 32.Rg8 c6 33.g4 e5 34.Kg2 Kc7 35.Kg3 Kd7 36.Rg5 Kd6
37.Rf5 Bg6 38.Rf6+ Re6 39.Rxe6+ Kxe6 40.d5+ Kd6 41.dxc6 Kxc6 42.Kh4 Kc5 43.Kg5 Be8
44.Kf6 Kd6 45.g5 Bd7 46.Kf7 Be6+ 47.Kf8 Kc5 48.g6 b4 49.cxb4+ Kxb4 50.Bxa6 Kxa5
51.Bb7 Kb6 52.Bd5  1-0

[Event "RUS-ch U20"]
[Site "Kolontaevo"]
[Date "1997.??.??"]
[Round "?"]
[White "Belozerov, Andrei"]
[Black "Bigaliev, Renat"]
[Result "1-0"]
[WhiteElo "2420"]
[BlackElo "2480"]

1.d4 d5 2.c4 Nc6 3.Nc3 dxc4 4.Nf3 Nf6 5.e4 Bg4 6.Be3 e6 7.Bxc4 Bb4 8.Qc2 O-O
9.Rd1 Qe7 10.Bb5 e5 11.Bxc6 bxc6 12.O-O Bd6 13.dxe5 Bxe5 14.Ne2 Bxf3 15.gxf3 Qe6
16.Ng3 Qb3 17.Bd4 Bxd4 18.Rxd4 Rae8 19.Qxc6 h5 20.Qc5 g6 21.Qg5 Nh7 22.Qh6 Qe6
23.Kh1 Qf6 24.Qe3 h4 25.Ne2 c5 26.Rd2 Ng5 27.Nf4 c4 28.Rfd1 Qb6 29.Kg2 h3+
30.Nxh3 Nxh3 31.Kxh3 Qe6+ 32.Kg2 Qf6 33.f4 Qc6 34.f3 Re6 35.Kh1 a6 36.Rg1 Qb5
37.Rg5 Qa4 38.f5 Rc6 39.Qg1 Qb4 40.Rd7 Qxb2 41.fxg6 f6 42.Rh5  1-0

[Event "RUS-ch (Women) sf"]
[Site "Kolontaevo"]
[Date "1997.??.??"]
[Round "?"]
[White "Lomakina, Galja"]
[Black "Kudriashova, Irina"]
[Result "1/2-1/2"]
[WhiteElo "2135"]
[BlackElo "2085"]

1.d4 d5 2.c4 Nc6 3.cxd5 Qxd5 4.e3 e5 5.Nc3 Bb4 6.Bd2 Bxc3 7.bxc3 Nf6 8.c4 Qd6
9.d5 Ne7 10.Bd3 O-O 11.Qc2 b6 12.Ne2 h5 13.a3 a5 14.Nc3 c6 15.e4 Nd7 16.Na4 cxd5
17.cxd5 f5 18.exf5 Bb7 19.Nc3 Nxd5 20.Bc4 Kh8 21.Qd3 N7f6 22.Bg5 Qc5 23.Nxd5 Bxd5
24.Bxd5 Nxd5 25.O-O Nf4 26.Bxf4 exf4 27.Rab1 Rxf5 28.a4 Rd5 29.Qf3 Rad8 30.Qxf4 Rd4
31.Qe3 Rxa4 32.Qxc5 bxc5 33.Rb5 Rc8 34.g3 g6 35.Rd1 Rc7 36.Rd6 Kh7 37.Rd5 c4
38.Rxa5 Rxa5 39.Rxa5 c3 40.Ra1 Kg7 41.Kf1 Kf6 42.h4 Ke5 43.Ke2 Kd4 44.Ra4+ Rc4
45.Ra1 Rb4 46.Ra6 Rc4 47.Kd1 Rb4 48.Rxg6  1/2-1/2

[Event "RUS-Cup6"]
[Site "Krasnodar"]
[Date "1997.??.??"]
[Round "2"]
[White "Ivlev, Valentin"]
[Black "Bigaliev, Renat"]
[Result "1/2-1/2"]
[WhiteElo "2310"]
[BlackElo "2480"]

1.d4 d5 2.c4 Nc6 3.g3 dxc4 4.d5 Ne5 5.Qd4 Ng6 6.e4 b5 7.b3 e5 8.Qe3 f5 9.bxc4 Nf6
10.Nd2 fxe4 11.Rb1 bxc4 12.Bxc4 Bd6 13.h3 O-O 14.Ne2 Ne7 15.g4 Nfxd5 16.Qb3 c6
17.Nxe4 Rb8 18.Qd3 Rxb1 19.Qxb1 Kh8 20.O-O Be6 21.Qb7 a5 22.Rd1 h6 23.N2g3 Qc7
24.Qxc7 Bxc7 25.Ba3 Re8 26.Nc5 Bg8 27.Bb3 Ng6 28.Nge4 Ngf4 29.Kh2 Bb6 30.Nd7 Bd4
31.Ba4 Bh7 32.Nd6 Re6 33.Nf7+ Kg8 34.Nd8 Re8 35.Nxc6 Nc3 36.Bb3+ Kh8 37.Ndxe5 Bxe5
38.Nxe5 Bg8 39.Re1 Bxb3 40.axb3 Kg8 41.Bb2 Ncd5 42.Ra1 Rb8 43.Ra3 a4 44.Rxa4 Rxb3
45.Ra8+ Kh7 46.Ba1 Rxh3+ 47.Kg1 Nc3  1/2-1/2

[Event "Kuopio We KSY op"]
[Site "Kuopio"]
[Date "1997.??.??"]
[Round "2"]
[White "Franssila, Tommi"]
[Black "Mertanen, Janne"]
[Result "1-0"]
[WhiteElo "2220"]
[BlackElo "2165"]

1.d4 d5 2.c4 Nc6 3.cxd5 Qxd5 4.e3 e5 5.Nc3 Bb4 6.Bd2 Bxc3 7.bxc3 Nf6 8.f3 Qd6
9.Bd3 O-O 10.Ne2 Re8 11.O-O b6 12.Qa4 Bd7 13.Qc2 h6 14.Ng3 Rad8 15.Kh1 exd4
16.exd4 Be6 17.Ne4 Qe7 18.Rae1 Nd5 19.Bb5 Qd7 20.c4 Ndb4 21.Qb3 a6 22.Bxc6 Qxc6
23.Qxb4 Rxd4 24.Rc1 Red8 25.Be3 Rd3 26.Bf4 f5 27.Nf2 R3d4 28.Be5 Rxc4 29.Rxc4 Bxc4
30.Rc1 b5 31.Bxg7 Qd5 32.Bxh6 c5 33.Qc3 Qd4 34.Qxd4 cxd4 35.a3 Re8 36.h4 Re2
37.Nh3 Ra2 38.Rd1 d3 39.Bc1 Rc2 40.Bf4 a5 41.h5 Kg7 42.Rd2 Rxd2 43.Bxd2 b4
44.axb4 a4 45.Kg1 a3 46.Kf2 a2 47.Bc3+ Kh6 48.Ke3 Kxh5 49.Nf4+ Kh4 50.Nxd3 Kg3
51.Ne1 Bb5 52.Kd4 Kf2 53.Ke5 Bd7 54.Kf4 a1=Q 55.Bxa1 Kxe1 56.g4 fxg4 57.fxg4 Kd2
58.g5 Kd3 59.g6 Kc4 60.Ke5 Be8 61.g7 Bf7 62.Bc3  1-0

[Event "Leeuwarden op"]
[Site "Leeuwarden"]
[Date "1997.??.??"]
[Round "5"]
[White "De Boer, Sybolt"]
[Black "Welling, Gerard"]
[Result "1-0"]
[WhiteElo "2290"]
[BlackElo "2355"]

1.d4 d5 2.c4 Nc6 3.Nf3 Bg4 4.cxd5 Bxf3 5.gxf3 Qxd5 6.e3 e5 7.Nc3 Bb4 8.Bd2 Bxc3
9.bxc3 Qd6 10.f4 exd4 11.cxd4 Nge7 12.Rg1 O-O 13.Qg4 g6 14.Rb1 Qd5 15.Bd3 Rad8
16.Rb5 Qxa2 17.f5 Rd6 18.Qh4 Qa1+ 19.Rb1 Qa3 20.Ke2 Ne5 21.Bb5 Nxf5 22.Qe4 Nxd4+
23.exd4 Nf3 24.Qxf3 Re6+ 25.Be3 Qa2+ 26.Kd3 Qa3+ 27.Kc2 a6 28.d5 axb5 29.dxe6 Qa2+
30.Rb2 Qc4+ 31.Kd1 Qc3 32.Rd2 Qb3+ 33.Ke2 Qxe6 34.Qd5 Qa6 35.Qa2 Qf6 36.Qb2 Qf5
37.Rg5 Qh3 38.Qf6  1-0

[Event "Anibal op 4th"]
[Site "Linares"]
[Date "1997.??.??"]
[Round "6"]
[White "San Segundo, Pablo"]
[Black "Gallego, Victoriano"]
[Result "1-0"]
[WhiteElo "2505"]
[BlackElo "2395"]

1.d4 d5 2.c4 Nc6 3.cxd5 Qxd5 4.e3 e5 5.Nc3 Bb4 6.Bd2 Bxc3 7.Bxc3 exd4 8.Ne2 Bg4
9.f3 Bxf3 10.gxf3 Qxf3 11.Nxd4 Qxh1 12.Nxc6 Nf6 13.Na5 Qxh2 14.Qa4+ c6 15.O-O-O O-O
16.Bxf6 gxf6 17.Nxb7 Rab8 18.Ba6 Qe5 19.Qa3 Rfe8 20.Rg1+ Kh8 21.Nd6 Re7 22.Bc4 Rg8
23.Nxf7+ Rxf7 24.Rxg8+ Kxg8 25.Qxa7 Qe8 26.a4 h5 27.Kd2 h4 28.Ke2 h3  1-0

[Event "Linz op"]
[Site "Linz"]
[Date "1997.??.??"]
[Round "2"]
[White "Ragnarsson, Johann Hjortur"]
[Black "Grabher, Heinz"]
[Result "0-1"]
[WhiteElo "2100"]
[BlackElo "2275"]

1.d4 d5 2.c4 Nc6 3.Nc3 dxc4 4.e3 e5 5.d5 Nce7 6.Bxc4 Ng6 7.Qb3 Bd6 8.Bb5+ Kf8
9.a4 a6 10.Bc4 Qg5 11.g3 Nf6 12.h4 Qf5 13.Bd2 e4 14.Nge2 Ne5 15.O-O-O Nf3
16.Nf4 Ng4 17.Be1 Ke7 18.Qc2 Nf6 19.Be2 h5 20.Bxf3 exf3 21.e4 Qg4 22.Bd2 Re8
23.Rhe1 Kf8 24.Qd3 b5 25.Qd4 Be5 26.Qb4+ Kg8 27.a5 Nd7 28.Nd3 Bd6 29.Qd4 Ne5
30.Nxe5 Bxe5 31.Qd3 Qg6 32.Re3 Bg4 33.Na2 c5 34.Bc3 Qf6 35.Bxe5 Qxe5 36.Qc3 Qxc3+
37.Nxc3 Rad8 38.Rd2 f6 39.Rc2 c4 40.Nb1 f5 41.e5 Rxd5 42.e6 Rd6 43.e7 Rd7
44.Rd2 Rdxe7 45.Rxe7 Rxe7 46.Nc3 f4 47.gxf4 Bf5 48.Nd5 Re6 49.Kd1 Bd3 50.Nb4 Rd6
51.Kc1 Kf7 52.Nc2 Kf6 53.Ne1 Kf5 54.Nxf3 Kxf4 55.Ne1 g5 56.Ng2+ Kf5 57.Ne3+ Kf6
58.Ng2 gxh4 59.Nxh4 Rd5 60.f4 b4 61.Rg2 Rxa5 62.Kd2 Rd5 63.Ke3 Bh7 64.f5 Bxf5
65.Nxf5 Kxf5 66.Rc2 Rd3+ 67.Ke2 Rd4 68.Ke3 Rg4 69.Rh2 h4 70.Rf2+ Ke5 71.Rf8 Rg3+
72.Kf2 Rb3  0-1

[Event "Linz op"]
[Site "Linz"]
[Date "1997.??.??"]
[Round "5"]
[White "Wiedermann, Franz"]
[Black "Schweiger, Georg"]
[Result "1-0"]
[WhiteElo "2105"]
[BlackElo "2225"]

1.d4 d5 2.c4 Nc6 3.Nf3 e5 4.dxe5 dxc4 5.Qxd8+ Nxd8 6.e3 b5 7.a4 c6 8.axb5 cxb5
9.b3 a5 10.Bd2 Bd7 11.Nd4 Ne6 12.Nxe6 fxe6 13.Rxa5 Rxa5 14.Bxa5 Ne7 15.bxc4 Nc6
16.Bc3 b4 17.Bd4 b3 18.c5 Be7 19.Bc4 Na5 20.Bd3 O-O 21.Nd2 Rb8 22.Ke2 Bb5
23.Ra1 Bd8 24.Bc3 Nc6 25.Nc4 Ne7 26.e4 g5 27.Rb1 Ng6 28.g3 Ba4 29.Nd2 Bc7
30.Bc4 Kf7 31.Ra1 Ra8 32.Bxb3 Bb5+ 33.Bc4 Bc6 34.Nf3 h6 35.Nd4 Rxa1 36.Bxe6+ Ke7
37.Nxc6+ Kxe6 38.Bxa1 Kd7 39.Nb4 Bxe5 40.Bxe5 Nxe5 41.f4  1-0

[Event "Lisboa Honor"]
[Site "Lisboa"]
[Date "1997.??.??"]
[Round "8"]
[White "Ferreira, Paolo"]
[Black "Rodrigues, Nuno"]
[Result "0-1"]
[WhiteElo "2225"]
[BlackElo "2100"]

1.d4 d5 2.c4 Nc6 3.Nf3 Bg4 4.Nbd2 Nf6 5.g3 e6 6.Bg2 Bb4 7.O-O O-O 8.cxd5 Qxd5
9.Nb3 Qh5 10.Bf4 Bd6 11.Qc1 h6 12.Re1 Bh3 13.Bh1 a5 14.Bxd6 cxd6 15.Qf4 a4
16.Nbd2 e5 17.dxe5 dxe5 18.Qc4 Be6 19.Qb5 Ng4 20.e3 Rfb8 21.Rec1 f5 22.e4 fxe4
23.Nxe4 Nd4 24.Qd3 Nxf3+ 25.Bxf3 Qxh2+ 26.Kf1 Rf8 27.Rc7 Rad8 28.Qe2 Rxf3
29.Qxf3 Rf8 30.Qg2 Ne3+  0-1

[Event "CUB-ch"]
[Site "Matanzas"]
[Date "1997.??.??"]
[Round "5"]
[White "Larduet, Carlos"]
[Black "Gonzalez, Renier"]
[Result "1-0"]
[WhiteElo "2310"]
[BlackElo "2385"]

1.d4 d5 2.c4 Nc6 3.cxd5 Qxd5 4.Nf3 e5 5.Nc3 Bb4 6.Bd2 Bxc3 7.Bxc3 e4 8.Ne5 e3
9.f3 f6 10.Nxc6 bxc6 11.Qd3 Qe6 12.d5 cxd5 13.Bd4 Ne7 14.Qxe3 Qxe3 15.Bxe3 c6
16.Rc1 Kf7 17.Bc5 Bd7 18.e3 Ng6 19.Be2 Rhb8 20.Rc2 Nf8 21.Kf2 Ne6 22.Ba3 a5
23.Rd1 Ra7 24.h4 h5 25.Bd3 Rab7 26.e4 Nf4 27.Ba6 Rb6 28.Bf1 Be6 29.Kg3 g5
30.Rc5 dxe4 31.hxg5 fxg5 32.Rxg5 Nd5 33.fxe4 Ne3 34.Rc1 Kf6 35.Rxh5 Rg8+
36.Kf2 Ng4+ 37.Kg1 Bxa2 38.Be2 Ne3 39.Bf3 Nc4 40.Bc5 Rb3 41.Bd4+ Kg6 42.Rc5 Nxb2
43.Rxc6+ Kh7 44.Rc7+ Kh6 45.R1c6+ Rg6 46.Rxg6+ Kxg6 47.Rc2  1-0

[Event "Montcada op"]
[Site "Montcada"]
[Date "1997.??.??"]
[Round "2"]
[White "Gual Pascual, Antonio"]
[Black "Garcia Cano, Antonio"]
[Result "1/2-1/2"]
[WhiteElo "2420"]
[BlackElo "2215"]

1.d4 d5 2.c4 Nc6 3.cxd5 Qxd5 4.e3 e5 5.Nc3 Bb4 6.Bd2 Bxc3 7.bxc3 Qd6 8.Bd3 Nge7
9.Ne2 O-O 10.O-O Be6 11.Qb1 Kh8 12.f4 exd4 13.Nxd4 f5 14.Rd1 Nxd4 15.cxd4 Bd5
16.Bb4 Qg6 17.Rd2 Rae8 18.Qc1 Rf6 19.Bxe7 Rxe7 20.Qc5 Rd6 21.Re1 h5 22.Qxa7 Rde6
23.Qb8+ Kh7 24.Qf8 Rf7 25.Qd8 c6 26.Qh4 Qg4 27.Qf2 Rfe7 28.h3 Qg6 29.Kh2 b5
30.Rc2 Kg8 31.Rc5 h4 32.Bf1 Ra7 33.Rc2 Qf6 34.Bd3 Ra3 35.Rd1 g6 36.Rcd2 Qe7
37.Re1 Bxa2 38.Bxf5 gxf5 39.Rxa2 Rexe3 40.Rxe3 Qxe3 41.Qxe3 Rxe3 42.Rc2 Re4  1/2-1/2

[Event "Montcada op"]
[Site "Montcada"]
[Date "1997.??.??"]
[Round "8"]
[White "Garcia Ilundain, David"]
[Black "Garcia Cano, Antonio"]
[Result "0-1"]
[WhiteElo "2500"]
[BlackElo "2215"]

1.d4 d5 2.c4 Nc6 3.cxd5 Qxd5 4.e3 e5 5.Nc3 Bb4 6.Bd2 Bxc3 7.bxc3 Qd6 8.Bd3 Nge7
9.Ne2 O-O 10.O-O Be6 11.Kh1 f5 12.f3 a6 13.Qc2 Rad8 14.Rfb1 b5 15.a4 b4 16.cxb4 exd4
17.exd4 Nxd4 18.Nxd4 Qxd4 19.Ra3 Rd7 20.Be1 Qd6 21.Bg3 f4 22.Bf2 Bf5 23.Bxf5 Rxf5
24.Bc5 Qe6 25.Raa1 Nd5 26.Re1 Re5 27.Rxe5 Qxe5 28.Rd1 Qe6 29.Qc4 Kh8 30.h3 h6
31.b5 Ne3 32.Rxd7 Qxc4  0-1

[Event "Moravia-chT 9697"]
[Site "?"]
[Date "1997.??.??"]
[Round "?"]
[White "Kojetsky, Pavel"]
[Black "Omelka, Marek"]
[Result "1/2-1/2"]
[WhiteElo "2130"]
[BlackElo "2150"]

1.d4 d5 2.c4 Nc6 3.cxd5 Qxd5 4.Nf3 e5 5.Nc3 Bb4 6.Bd2 Bxc3 7.Bxc3 e4 8.Ne5 Nxe5
9.dxe5 Ne7 10.e3 Qxd1+ 11.Rxd1 Be6 12.b3 Nd5 13.Rc1 O-O 14.Bc4 Rfd8 15.Ke2 Rd7
16.Be1 Rad8 17.f3 h6 18.fxe4 Bg4+ 19.Kf2 Nb6 20.Bf1 Rd1 21.Rxc7 Ra1 22.Rc2 Rdd1
23.Bc3 Rab1 24.Bd4 Bd7 25.Rc7 Bc6 26.e6 fxe6 27.Rxg7+ Kf8 28.Rh7 Bxe4 29.Rxh6 Ke7
30.h4 Nd5 31.h5 Rd2+ 32.Kg3 Re1 33.Rh8 Nxe3 34.Bc5+ Kf7 35.Rf8+ Kg7 36.h6+ Kg6
37.h7 Nxf1+ 38.Rfxf1 Rxf1 39.Rxf1 Kxh7 40.Rf2 Rxf2 41.Kxf2 a6 42.g4 Kg6 43.Be7  1/2-1/2

[Event "Moravia-chT 9697"]
[Site "?"]
[Date "1997.??.??"]
[Round "?"]
[White "Hastik, Svatopluk"]
[Black "Omelka, Marek"]
[Result "1/2-1/2"]
[WhiteElo "2255"]
[BlackElo "2150"]

1.d4 d5 2.c4 Nc6 3.cxd5 Qxd5 4.e3 e5 5.Nc3 Bb4 6.Bd2 Bxc3 7.Bxc3 exd4 8.Nf3 Bg4
9.Be2 Rd8 10.Bxd4 Bxf3 11.Bxf3 Qa5+ 12.Qd2 Qxd2+ 13.Kxd2 Nxd4 14.exd4 c6
15.Rhe1+ Ne7 16.Kc3 Kd7 17.Re4 Kd6 18.Rae1 Rd7 19.g3 Rhd8 20.Bg4 Rc7 21.a3 Nd5+
22.Kd3 Re7 23.f4 Rde8 24.b4 a6 25.Bf3 f6 26.Rxe7 Rxe7 27.Rxe7 Nxe7 28.Kc4 f5
29.h3 b5+ 30.Kd3 Nd5 31.Bd1 Nf6 32.Bf3 g6 33.g4 Nd5 34.Bxd5  1/2-1/2

[Event "Goldberg mem"]
[Site "Moscow "]
[Date "1997.??.??"]
[Round "2"]
[White "Rychagov, Andrei"]
[Black "Losev, Dmitry"]
[Result "1-0"]
[WhiteElo "2455"]
[BlackElo "2435"]

1.d4 d5 2.c4 Nc6 3.Nc3 e5 4.cxd5 Nxd4 5.e3 Nf5 6.Nf3 Bd6 7.Bb5+ Kf8 8.O-O a6
9.Be2 h6 10.e4 Nfe7 11.Nd2 Ng6 12.Nc4 N8e7 13.Be3 Nf4 14.Bxf4 exf4 15.e5 Bc5
16.Bf3 Nf5 17.d6 c6 18.Ne4 Bd4 19.Bg4 c5 20.Rc1 h5 21.Bxf5 Bxf5 22.Qf3 g5
23.b4 cxb4 24.h4 Bxe4 25.Qxe4 Ba7 26.Qf5 Qe8 27.hxg5 Qe6 28.Qxf4 Qg4 29.Qh2 Rg8
30.Ne3 Qxg5 31.d7 Rd8 32.Rc8 Bb6  1-0

[Event "EU-chT (Men)"]
[Site "Pula"]
[Date "1997.??.??"]
[Round "5"]
[White "Sturua, Zurab"]
[Black "Miladinovic, Igor"]
[Result "1/2-1/2"]
[WhiteElo "2560"]
[BlackElo "2510"]

1.d4 d5 2.c4 Nc6 3.Nc3 Nf6 4.Nf3 dxc4 5.e4 Bg4 6.Be3 e6 7.Bxc4 Bb4 8.Qc2 O-O
9.Rd1 Qe7 10.Be2 e5 11.dxe5 Nxe5 12.h3 Bxf3 13.gxf3 Ng6 14.a3  1/2-1/2

[Event "EU-chT (Women)"]
[Site "Pula"]
[Date "1997.??.??"]
[Round "7"]
[White "Kachiani Gersinska, Ketino"]
[Black "Botsari Miladinovic, Anna Maria"]
[Result "1/2-1/2"]
[WhiteElo "2375"]
[BlackElo "2330"]

1.d4 d5 2.c4 Nc6 3.cxd5 Qxd5 4.e3 e5 5.Nc3 Bb4 6.Bd2 Bxc3 7.Bxc3 exd4 8.Ne2 Nf6
9.Nxd4 O-O 10.Nb5 Qg5 11.h4 Qg6 12.h5 Qg5 13.h6 Bg4 14.Qc2 g6 15.Be2 Bf5
16.Qa4 Ne4 17.g4 Nc5 18.Qf4 Qxf4 19.exf4 Bd3 20.Bxd3 Nxd3+ 21.Kf1 Nxf4 22.Nxc7 Rac8
23.Nb5 Rfd8 24.Bf6 Rd2 25.Bg5 Rd5 26.Nxa7 Nxa7 27.Bxf4 Rc4 28.Re1 f5 29.Be3 Nc6
30.gxf5 Rxf5 31.b3 Rc2 32.Re2 Nb4 33.Rh4 Nd5 34.Bd2 Rxa2 35.Rhe4 Kf7 36.b4 b5
37.Rd4 Rc2 38.Re1 g5  1/2-1/2

[Event "EUCup (Women)"]
[Site "Rijeka"]
[Date "1997.??.??"]
[Round "1"]
[White "Kachiani Gersinska, Ketino"]
[Black "Susterman, Anja"]
[Result "1/2-1/2"]
[WhiteElo "2375"]
[BlackElo "2315"]

1.d4 d5 2.c4 Nc6 3.cxd5 Qxd5 4.e3 e5 5.Nc3 Bb4 6.Bd2 Bxc3 7.Bxc3 exd4 8.Ne2 Bg4
9.f3 Bxf3 10.gxf3 Qxf3 11.Nxd4 Qxh1 12.Nxc6 Nf6 13.Na5 Qe4 14.Qd4 O-O 15.O-O-O Rfe8
16.Bd3 Qxd4 17.Bxd4 b6 18.Rg1  1/2-1/2

[Event "EUCup (Women)"]
[Site "Rijeka"]
[Date "1997.??.??"]
[Round "3"]
[White "Vasilevich, Tatjana"]
[Black "Susterman, Anja"]
[Result "1-0"]
[WhiteElo "2425"]
[BlackElo "2315"]

1.d4 d5 2.c4 Nc6 3.cxd5 Qxd5 4.e3 e5 5.Nc3 Bb4 6.Bd2 Bxc3 7.bxc3 exd4 8.cxd4 Nf6
9.Ne2 O-O 10.Nf4 Qd6 11.Bd3 Re8 12.O-O Ne4 13.Rb1 Rb8 14.Rb5 a6 15.Rd5 Qf6
16.Bxe4 Rxe4 17.Qc2 Re8 18.Rc5 Qd6 19.Rc1 Bd7 20.d5 Ne7 21.e4 c6 22.e5 Qh6
23.e6 fxe6 24.dxe6 Bxe6 25.Rh5 Qf6 26.Qxh7+ Kf7 27.Bc3  1-0